00986nas a2200241Ia 4500001002700000003001000027008004100037040002500078041001200103100001900115210004700134222004700181240011300228245011300341250001100454260000900465501012300474300001300597362003200610500006300642650002100705700001800726A50/R182-7455 [r000004660]IT-MiCISF161014c99999999xx |||||||||||| ||und|| aIT-MiCISFcIT-MiCISF aINGLESE aSingh Susheela aInternational Family Planning Perspectives aInternational Family Planning Perspectives aEstimating Abortion Levels in Brazil, Colombia and Peru, Using Hospital Admissions and Fertility Survey Data 0aEstimating Abortion Levels in Brazil, Colombia and Peru, Using Hospital Admissions and Fertility Survey Data a1a ed. c1991 bCISF - Centro Internazionale Studi Famiglia - Via Giotto, 36 20145 MILANO (non commercial uses only)cCopyright 2016 app. 8-13 avol. 17, n. 1, marzo [1991] a Tema: aborto, società, comparazione, aborto-clandestino aABORTOvarticolo a Wulf Deirdre